|
|
|
|
| LEADER |
01959nam a2200457 i 4500 |
| 001 |
EBC1543664 |
| 003 |
MiAaPQ |
| 005 |
20200520144314.0 |
| 006 |
m o d | |
| 007 |
cr cnu|||||||| |
| 008 |
140121t20132013nyu ob 001 0 eng d |
| 020 |
|
|
|z 9781107012653
|
| 020 |
|
|
|a 9781107703605
|q (electronic bk.)
|
| 035 |
|
|
|a (MiAaPQ)EBC1543664
|
| 035 |
|
|
|a (Au-PeEL)EBL1543664
|
| 035 |
|
|
|a (CaPaEBR)ebr10826626
|
| 035 |
|
|
|a (CaONFJC)MIL568862
|
| 035 |
|
|
|a (OCoLC)867630789
|
| 040 |
|
|
|a MiAaPQ
|b eng
|e rda
|e pn
|c MiAaPQ
|d MiAaPQ
|
| 043 |
|
|
|a n-us---
|
| 050 |
|
4 |
|a JK275
|b .R67 2013
|
| 082 |
0 |
|
|a 320.97309/051
|2 23
|
| 100 |
1 |
|
|a Rosefielde, Steven.
|
| 245 |
1 |
0 |
|a Democracy and its elected enemies :
|b American political capture and economic decline /
|c Steven Rosefielde, Daniel Quinn Mills ; authors.
|
| 264 |
|
1 |
|a New York, [New York] :
|b Cambridge University Press,
|c 2013.
|
| 264 |
|
4 |
|c 2013
|
| 300 |
|
|
|a 1 online resource (217 pages)
|
| 336 |
|
|
|a text
|2 rdacontent
|
| 337 |
|
|
|a computer
|2 rdamedia
|
| 338 |
|
|
|a online resource
|2 rdacarrier
|
| 504 |
|
|
|a Includes bibliographical references and index.
|
| 588 |
|
|
|a Description based on print version record.
|
| 590 |
|
|
|a Electronic reproduction. Ann Arbor, MI : ProQuest, 2015. Available via World Wide Web. Access may be limited to ProQuest affiliated libraries.
|
| 650 |
|
0 |
|a Democracy
|z United States.
|
| 651 |
|
0 |
|a United States
|x Politics and government
|y 21st century.
|
| 651 |
|
0 |
|a United States
|x Economic conditions
|y 21st century.
|
| 655 |
|
4 |
|a Electronic books.
|
| 700 |
1 |
|
|a Mills, Daniel Quinn.
|
| 776 |
0 |
8 |
|i Print version:
|a Rosefielde, Steven.
|t Democracy and its elected enemies : American political capture and economic decline.
|d New York, [New York] : Cambridge University Press, c2013
|h xv, 199 pages
|z 9781107012653
|w 2013013920
|
| 797 |
2 |
|
|a ProQuest (Firm)
|
| 856 |
4 |
0 |
|u https://ebookcentral.proquest.com/lib/matrademy/detail.action?docID=1543664
|z Click to View
|